British States/Territory Flags - Statistics

General Stats
  • This quiz has been taken 6 times
  • The average score is 11 of 20
Answer Stats
Picture Answer % Correct
Gibraltar
100%
Isle Of Man
100%
England
83%
Northern Ireland
83%
Scotland
83%
Wales
83%
Bermuda
67%
Falkland Islands
67%
Guernsey
67%
Jersey
67%
Montserrat
67%
British Antarctic Territory
50%
British Virgin Islands
50%
Cook Islands
50%
Saint Helena
33%
The Commissioner for the British Indian Ocean Territory
33%
Anguila
17%
Tristan Da Cunha
17%
Turks and Caicos Islands
17%
Cayman Iselands
0%
No matching quizzes found
Score Distribution
Percent of People with Each Score
Percentile by Number Answered
Your Score History
You have not taken this quiz